00280nam a2200121Ia 4500008004100000041000800041082001600049100001500065245002000080260002500100300002600125365000700151240624s9999 xx 000 0 und d aeng a005.432 WAR aWARD BRIAN aHOW LINUX WORKS c2004aMumbaibShroff axvi, : 347 : cm. ; 22 cRS